Largest Asian Countries by Area or Population - Statistics

General Stats
  • This quiz has been taken 270 times
  • The average score is 13 of 14
Answer Stats
Area Population Country % Correct
9,596,961 1,379,310,000 China
100%
3,287,263 1,330,780,000 India
100%
13,115,200 Russia
100%
1,472,639 260,581,000 Indonesia
99%
1,648,195 79,610,400 Iran
97%
126,685,000 Japan
97%
2,455,034 Kazakhstan
97%
882,363 194,534,000 Pakistan
97%
2,149,690 Saudi Arabia
97%
1,564,110 Mongolia
95%
161,255,000 Bangladesh
94%
92,700,000 Vietnam
93%
103,164,000 Philippines
91%
747,272 68,700,000 Turkey
89%
No matching quizzes found
Score Distribution
Percent of People with Each Score
Percentile by Number Answered
Your Score History
You have not taken this quiz